| 000 | 00486nam a2200133Ia 4500 | ||
|---|---|---|---|
| 008 | 170221s9999 xx 000 0 und d | ||
| 100 | _aTairan Huang | ||
| 245 | _aImplementing a Sustainability Balanced Scorecard to Contribute to the Process of Organisational Legitimacy Assessment | ||
| 245 | _cTairan Huang, Matthew Pepper, and G. Bowrey | ||
| 260 | _c2015 | ||
| 300 | _a13 : 1 | ||
| 650 | _xBusiness | ||
| 856 | _uhttp://ro.uow.edu.au/cgi/viewcontent.cgi?article=1477&context=aabfj | ||
| 999 |
_c311471 _d311471 |
||